| 000 | 00723nam a2200217 4500 | ||
|---|---|---|---|
| 001 | 121605 | ||
| 003 | ES-MaACL | ||
| 005 | 20230906191801.0 | ||
| 007 | t| | ||
| 008 | 070214s1978 sp r ||||1| spa d | ||
| 100 | 1 |
_aPorshnev, Boris. _993171 |
|
| 245 | 1 | 4 |
_aLos levantamientos populares en Francia en el siglo XVII / _cpor Boris Porshnev ; traducción de Andrés López Accotto. |
| 250 | _a1ª. ed. | ||
| 260 |
_aMadrid : _bSiglo Veintiuno, _c1978. |
||
| 300 |
_a368 p. ; _c20 cm + _e5 map. |
||
| 490 | 1 | _aHistoria de los movimientos sociales | |
| 700 | 1 |
_aLópez Accotto, Andrés. _973381 |
|
| 830 | 0 |
_aHistoria de los movimientos sociales _9180737 |
|
| 852 |
_aES-MaACL _jA-8902 _bR.97937 |
||
| 999 |
_c121605 _d121605 |
||